000
00345pab a2200145 454500
008
180718b1999 xxu||||| |||| 00| 0 eng d
100
_a
Chhabra, Hari Sharan
245
_a
India and the Commonwealth
260
_c
1999
300
_a
p.7-9
362
_a
4 Dec
650
_a
International organizations
773
_a
Mainstream
909
_a
43315
999
_c
43315
_d
43315